Представление документа в формате MARC21

Поле Инд. ПП Название Значение
Тип записи a
Библиографический уровень m
001 Контрольный номер e94842eab5d44096a56591e9898072d6
005 Дата корректировки 20260527121510.7
020 a ISBN 978-5-534-18452-5
040 b Код языка каталог. rus
e Правила каталог. PSBO
041 0_ a Код языка текста rus
080 a Индекс УДК 004(075.32)
097 b Оператор *Ж*
097 b Оператор *Мал*
100 1_ a Автор Волк В.К.
245 10 a Заглавие Информатика
b Продолж. заглавия учебное пособие для среднего профессионального образования
b Продолж. заглавия в составе учебно-методического комплекса
250 a Основные сведения об издании 2-е изд., перераб. и доп.
260 a Место издания Москва
b Издательство Юрайт
c Дата издания 2024
300 a Объем 226 с.
440 _0 a Серия Профессиональное образование
440 _0 a Серия УМК-У
516 8_ a Прим. о типе комп. файла/ данных Текст : электронный
a Прим. о типе комп. файла/ данных Режим доступа: по подписке
a Прим. о типе комп. файла/ данных Дата обращения: 03.10.2022
a Прим. о типе комп. файла/ данных Дата обращения 22.01.2026
520 0_ a Аннотация В курсе рассматриваются прикладные аспекты информатики: информация как объект управления и обработки в компьютерных системах, ее свойства и единицы измерения; методы двоичного кодирования информации и ее машинного представления; типовая структура и принципы функционирования программно-аппаратного комплекса простейшего компьютера и алгоритмы взаимодействия его компонентов. Также в курс включен практикум, содержащий сборник задач по каждому тематическому разделу с примерами решений, а также практические задания по экспериментальному исследованию типовых алгоритмов взаимодействия компонентов компьютера (файловая система, система обработки прерываний, клавиатура и видеосистема) и структур данных, обслуживающих эти алгоритмы. Соответствует актуальным требованиям федерального государственного образовательного стандарта среднего профессионального образования и профессиональным требованиям.
535 1_ a Хранилище Образовательная платформа Юрайт
583 a Действие Приписка : УМК
653 0_ a Ключевые слова Информатика
a Ключевые слова Информация
a Ключевые слова Компьютерные системы
a Ключевые слова Аппаратное обеспечение
a Ключевые слова Программное обеспечение
a Ключевые слова Переферийные устройства
a Ключевые слова Обмен данными
a Ключевые слова СПО
655 07 a Жанр/ форма (устаревшее) У
773 18 w Контрольный № источника 89ccc38136f34a95a07afc41fab568a3
856 40 u URL https://urait.ru/bcode/535033
901 t Тип документа m
905 b Дата создания записи обработка 19.03.26
c Дата приписки 27.05.26
952 b Гриф литературы для ВШ Гриф УМО
a Тип литературы для КСУ ВШ У1
952 e Факультет *ФИТ*
e Факультет *ФУСК*
990 g Размещение заказа (DOS) Образовательная платформа Юрайт
990 f Даты поступлений (DOS) 02.03.26
j Количество экземпляров (DOS) 1
990 c Приоритет заказа (DOS) *д*
h N записи в КСУ для Б/У (DOS) 1000/2026
j Количество экземпляров (DOS) 1